000 01717nam a2200505 i 4500
999 _c175472
_d175472
001 vtls000589503
003 PNM
005 20191216144711.0
008 091007r20182010my a e | 001 0 eng
020 _a9789675062353
_cRM 60.00
_qpaperback
039 9 _a201202291539
_bfaezah
_c201202291535
_dfaezah
_c201202281024
_dzuraidahs
_c200910130912
_drosimah
040 _aBNM
_cPNM
_beng
_dPPAK
_erda
049 _aklpmal
082 0 4 _a297
_223
090 0 0 _a297
_bQAR
_dG
100 1 _aQaradawi, Yusuf,
_d1926-
240 _a Madkhal li-maʻrifat al-Islām. English
245 1 0 _aISLAM :
_bAN INTRODUCTION /
_cYusuf Al-Qaradawi; translated from Arabic by Syed Bashir Ahmad Kasmiri
264 1 _aPetaling Jaya :
_bIslamic Book Trust,
_c2010
300 _axiii, 392pages ;
_c22cm.
336 _atext
_2rdacontent
337 _aunmediated
_2rdamedia
338 _avolume
_2rdacarrier
500 _aTranslation of: Madkhal li-maʻrifat al-Islām.
500 _aTranslated from the Arabic.
500 _aIncludes index.
650 1 0 _aIslam
650 2 0 _aIslam
_xDoctrines
700 0 _aSyed Bashir Ahmad Kasmiri
942 _2ddc
_cB
949 _61000768425
_a297 QAR D
949 _61000768426
_a297 QAR D
949 _61000768427
_a297 QAR D
949 _61000768428
_a297 QAR D
949 _61000768429
_a297 QAR D
949 _61000768430
_a297 QAR D
949 _62000411408
_e1929091
949 _62000411409
_e1929090
949 _61000802293
_a297 QAR D
_e1929092
949 _61000802294
_a297 QAR D
_e1929093
949 _61000802295
_a297 QAR D
_e1929094
949 _61000802296
_a297 QAR D
_e1929095
949 _61000802297
_a297 QAR D
_e1929096
949 _61000802298
_a297 QAR D
_e1929097